Professional negligence and PI insurance (Record no. 81962)
[ view plain ]
| 000 -LEADER | |
|---|---|
| fixed length control field | 01033cad a22002055a 4500 |
| 001 - CONTROL NUMBER | |
| control field | E148792 |
| 008 - FIXED-LENGTH DATA ELEMENTS--GENERAL INFORMATION | |
| fixed length control field | 091111e20091030xxk f 000 0 eng d |
| 035 ## - SYSTEM CONTROL NUMBER | |
| System control number | (Sirsi) u148792 |
| 041 0# - LANGUAGE CODE | |
| Language code of text/sound track or separate title | eng |
| 100 1# - MAIN ENTRY--PERSONAL NAME | |
| Personal name | Fogarty, Siobhan |
| 245 00 - TITLE STATEMENT | |
| Title | Professional negligence and PI insurance |
| Medium | [electronic resource] |
| 260 ## - PUBLICATION, DISTRIBUTION, ETC. | |
| Date of publication, distribution, etc. | 2009 |
| 490 ## - SERIES STATEMENT | |
| Series statement | RICS Feature |
| Volume/sequential designation | 30 October 2009 |
| 520 ## - SUMMARY, ETC. | |
| Summary, etc. | Professional negligence cases against RICS members are rising. Most are brought by lenders trying to stem losses as the recession precipitates a wave of defaults and refinancing. The increase in claims is impacting on surveyors' ability to purchase professional indemnity (PI) insurance. This article examines the effects of this situation, and recommends action that can be taken to help protect businesses. |
| 590 ## - LOCAL NOTE (RLIN) | |
| Local note | KA |
| 651 #4 - SUBJECT ADDED ENTRY--GEOGRAPHIC NAME | |
| Geographic name | United Kingdom |
| Chronological subdivision | |
| 690 ## - LOCAL SUBJECT ADDED ENTRY--TOPICAL TERM (OCLC, RLIN) | |
| Topical term or geographic name as entry element | MANAGEMENT-BUSINESS MANAGEMENT |
| 856 40 - ELECTRONIC LOCATION AND ACCESS | |
| Uniform Resource Identifier | <a href="https://www.rics.org/site/scripts/news_article.aspx?newsID=977">https://www.rics.org/site/scripts/news_article.aspx?newsID=977</a> |
| Public note | View the article free of charge at www.rics.org... |
| 942 ## - ADDED ENTRY ELEMENTS (KOHA) | |
| Suppress in OPAC | 0 |
| Withdrawn status | Lost status | Source of classification or shelving scheme | Damaged status | Not for loan | Home library | Current library | Shelving location | Date acquired | Total Checkouts | Full call number | Barcode | Date last seen | Copy number | Price effective from | Koha item type |
|---|---|---|---|---|---|---|---|---|---|---|---|---|---|---|---|
| Dewey Decimal Classification | Virtual | Virtual | Online | 11/11/2009 | ONLINE PUBLICATION | 148792-2001 | 06/08/2019 | 1 | 06/08/2019 | Journal article |